000 00530nam a22001577a 4500
003 SGT
020 _a9789351401995
082 _a541,GUR
100 _aGURTU,J.N.
245 _aADVANCED PHYSICAL CHEMISTRY
260 _aNEW DELHI
_bPRAGATI
_c2014
300 _a736
650 _aPHYSICAL CHEMISTRY
653 _aINTRODUCTION TO EXACT QUANTUM MECHANICAL RESULTS,APPROXIMATE METHODS,ANGULAR MOMENTUM,ELECTRONIC STRUCTURE OF ATOMS,ENTROPY AND FREE ENERGY, PARTIAL MOLAR PROPERTIES,NON-IDEAL SYSTEMS,PHASE RULE
942 _2ddc
_cFPS
_025
999 _c9281
_d9281